00384nam a22001337a 450000500170000000800410001704000070005804100120006508200210007710000260009824500520012426000570017665000170023320250109115018.0250109b ||||| |||| 00| 0 eng d cAL aEnglish 223a348.04bCHAA a Jagjit Singh Chawla  aAll India Criminal Law Reporter: Vol 58 2003(2) a Chandigarh b All India Criminal Law Reporterc2003 aCriminal law